000 00429nam a2200169 a 4500
001 0000-9270
003 ELIB.Books
008 110520 1979
035 _a(ELIB.Books)0000-9422
082 _a230
_bBoe
100 _aBoers, Hendrikus
245 _aWhat is New Testament Theology?
260 _bPhiladelphia: Fortress Press
_c1979
650 _aTheology
942 _2ddc
_cBK
998 _cbat
_e2011-05-20
999 _c9270
_d9270